Jangan buli adik saya

Bibliographic Details
Corporate Author: Perbadanan Perpustakaan Awam Johor
Format: Book
Published: Johor : Perbadanan Perpustakaan Awam Johor 2021
Subjects:

MARC

LEADER 00000cam a2200000 7i4500
001 0000091959
005 20240307143616.0
040 |e rda 
041 |a Malay 
090 0 0 |a JP   |b MAL 
110 0 |a Perbadanan Perpustakaan Awam Johor 
245 0 0 |a Jangan buli adik saya   |c Perbadanan Perpustakaan Awam Johor 
264 1 |a Johor :   |b Perbadanan Perpustakaan Awam Johor   |c 2021 
300 |a 20 pages :   |b color illustrations ;   |c 26 cm. 
336 |a text  |2 rdacontent 
337 |a unmediated  |2 rdamedia 
338 |a volume  |2 rdacarrier 
500 |a Children age 4-6 years old (yellow) 
541 |c Purchased on 2021   |f PPAJ 
650 0 |a Children stories, Malay 
730 0 |a Judul 
999 |a 0001729724   |b Book   |c Children Collection   |e Perbadanan Perpustakaan Awam Johor 
999 |a 0001729725   |b Book   |c Children Collection   |e Cawangan Urban Transformation Centre 
999 |a 0001729726   |b Book   |c Children Collection   |e Cawangan AEON Kulaijaya 
999 |a 0001729727   |b Book   |c Children Collection   |e Cawangan Taman Sri Lambak 
999 |a 0001729728   |b Book   |c Children Collection   |e Cawangan Bandar Penawar 
999 |a 0001729729   |b Book   |c Children Collection   |e Cawangan Tmn. Ungku Tun Aminah 
999 |a 0001729730   |b Book   |c Children Collection   |e Cawangan Taman Universiti 
999 |a 0001729731   |b Book   |c Children Collection   |e Cawangan Mersing 
999 |a 0001729732   |b Book   |c Children Collection   |e Cawangan Pontian 
999 |a 0001729733   |b Book   |c Children Collection   |e Perbadanan Perpustakaan Awam Johor 
999 |a 0001729734   |b Book   |c Children Collection   |e Cawangan Segamat 
999 |a 0001729735   |b Book   |c Children Collection   |e Cawangan Bandar Tenggara 
999 |a 0001729736   |b Book   |c Children Collection   |e Cawangan Tangkak 
999 |a 0001729737   |b Book   |c Children Collection   |e Cawangan Batu Pahat 
999 |a 0001729739   |b Book   |c Children Collection   |e Cawangan Bukit Gambir 
999 |a 0001729740   |b Book   |c Children Collection   |e Cawangan Sri Merlong 
999 |a 0001755535   |b Book   |c Children Collection   |e Perbadanan Perpustakaan Awam Johor 
999 |a 0001755767   |b Book   |c Children Collection   |e Cawangan Mersing 
999 |a 0001755768   |b Book   |c Children Collection   |e Cawangan Pontian 
999 |a 0001755769   |b Book   |c Children Collection   |e Cawangan Segamat 
999 |a 0001755770   |b Book   |c Children Collection   |e Cawangan Bukit Gambir 
999 |a 0001755771   |b Book   |c Children Collection   |e Cawangan Muar 
999 |a 0001755772   |b Book   |c Children Collection   |e Cawangan Tangkak 
999 |a 0001755773   |b Book   |c Children Collection   |e Perbadanan Perpustakaan Awam Johor 
999 |a 0001755774   |b Book   |c Children Collection   |e Cawangan Bandar Penawar 
999 |a 0001755775   |b Book   |c Children Collection   |e Cawangan Kota Tinggi 
999 |a 0001755776   |b Book   |c Children Collection   |e Cawangan Taman Sri Lambak 
999 |a 0001755777   |b Book   |c Children Collection   |e Cawangan Bandar Tenggara 
999 |a 0001755778   |b Book   |c Children Collection   |e Cawangan Tmn. Ungku Tun Aminah 
999 |a 0001755779   |b Book   |c Children Collection   |e Perbadanan Perpustakaan Awam Johor 
999 |a 0001755780   |b Book   |c Children Collection   |e Cawangan Batu Pahat 
999 |a 0001755781   |b Book   |c Children Collection   |e Cawangan AEON Kulaijaya 
999 |a 0001755782   |b Book   |c Children Collection   |e Cawangan Urban Transformation Centre 
999 |a 0001756441   |b Book   |c Children Collection   |e Desa - PPAJ 
999 |a 0001756442   |b Book   |c Children Collection   |e Desa - PPAJ 
999 |a 0001756443   |b Book   |c Children Collection   |e Desa - PPAJ 
999 |a 0001756444   |b Book   |c Children Collection   |e Desa - PPAJ 
999 |a 0001756445   |b Book   |c Children Collection   |e Desa - PPAJ 
999 |a 0001756446   |b Book   |c Children Collection   |e Desa - PPAJ 
999 |a 0001756447   |b Book   |c Children Collection   |e Desa - PPAJ 
999 |a 0001756448   |b Book   |c Children Collection   |e Desa - PPAJ 
999 |a 0001756449   |b Book   |c Children Collection   |e Desa - PPAJ 
999 |a 0001756450   |b Book   |c Children Collection   |e Desa - PPAJ 
999 |a 0001756451   |b Book   |c Children Collection   |e Desa - PPAJ 
999 |a 0001756452   |b Book   |c Children Collection   |e Desa - PPAJ 
999 |a 0001756453   |b Book   |c Children Collection   |e Desa - PPAJ 
999 |a 0001756454   |b Book   |c Children Collection   |e Desa - PPAJ 
999 |a 0001756455   |b Book   |c Children Collection   |e Desa - PPAJ 
999 |a 0001756456   |b Book   |c Children Collection   |e Desa - PPAJ 
999 |a 0001756457   |b Book   |c Children Collection   |e Desa - PPAJ 
999 |a 0001756458   |b Book   |c Children Collection   |e Desa - PPAJ 
999 |a 0001756459   |b Book   |c Children Collection   |e Desa - PPAJ 
999 |a 0001756460   |b Book   |c Children Collection   |e Desa - PPAJ 
999 |a 0001756461   |b Book   |c Children Collection   |e Desa - PPAJ 
999 |a 0001756462   |b Book   |c Children Collection   |e Desa - PPAJ 
999 |a 0001756463   |b Book   |c Children Collection   |e Desa - PPAJ 
999 |a 0001756464   |b Book   |c Children Collection   |e Desa - PPAJ 
999 |a 0001756465   |b Book   |c Children Collection   |e Desa - PPAJ 
999 |a 0001756466   |b Book   |c Children Collection   |e Desa - PPAJ 
999 |a 0001756467   |b Book   |c Children Collection   |e Desa - PPAJ 
999 |a 0001756468   |b Book   |c Children Collection   |e Desa - PPAJ 
999 |a 0001756469   |b Book   |c Children Collection   |e Desa - PPAJ 
999 |a 0001756470   |b Book   |c Children Collection   |e Desa - PPAJ 
999 |a 0001756471   |b Book   |c Children Collection   |e Desa - PPAJ 
999 |a 0001756472   |b Book   |c Children Collection   |e Desa - PPAJ 
999 |a 0001756473   |b Book   |c Children Collection   |e Desa - PPAJ 
999 |a 0001756474   |b Book   |c Children Collection   |e Desa - PPAJ 
999 |a 0001756475   |b Book   |c Children Collection   |e Desa - PPAJ 
999 |a 0001756476   |b Book   |c Children Collection   |e Desa - PPAJ 
999 |a 0001756477   |b Book   |c Children Collection   |e Desa - PPAJ 
999 |a 0001756478   |b Book   |c Children Collection   |e Desa - PPAJ 
999 |a 0001756479   |b Book   |c Children Collection   |e Desa - PPAJ 
999 |a 0001756480   |b Book   |c Children Collection   |e Desa - PPAJ